000 00932nam a2200253 4500
003 OSt
005 20260601193900.0
008 260506b2001 mx a|||| |||| 001 0 spa d
020 _a9701870603
040 _aICI
_bspa
_cICI
_erda
041 _aspa
050 _aQA445
_b.G46
245 0 _aGeometrías de la imaginación
_bOaxaca
_cinvestigadora, Ana María Gómez Gabriel ; compilador, Sergio Carrasco Vargas
246 _aGeometrías de la imaginación :
_bOaxaca
250 _aSegunda edición
264 _aMéxico
_bEncuentro para el camino para la promoción de la Cultura y el Arte Popular de el estado de Oaxaca
_c2001
300 _a233 páginas
500 _a"Arte popular de México"
650 4 _aArte popular
_zOaxaca
_933683
650 4 _aSimbolismo en el arte
_zOaxaca
_933684
700 1 _aCarrasco Vargas, Sergio,
_ecompilador
_933685
700 1 _aGómez G. Ana María,
_einvestigadora
_933686
942 _2lcc
_cB
_n1
999 _c22195
_d22195